[Event "Mecklenburg VP LL 1617"]
[Site "Mecklenburg VP"]
[Date "2017.04.02"]
[Round "8.7"]
[White "Hartung, Lothar"]
[Black "Mitscherling, Reinhard"]
[Result "1/2-1/2"]
[WhiteElo "1799"]
[BlackElo "1783"]
[PlyCount "59"]
[EventDate "2016.10.16"]
[EventType "team-tourn"]
[EventRounds "9"]
[EventCountry "GER"]
[SourceTitle "EXT 2022"]
[Source "ChessBase"]
[SourceDate "2021.10.06"]
[SourceVersion "1"]
[SourceVersionDate "2021.10.06"]
[SourceQuality "1"]
[WhiteTeam "Neubrandenburg SG Eintracht"]
[BlackTeam "Ludwigslust VT 2000"]
[WhiteTeamCountry "GER"]
[BlackTeamCountry "GER"]

1. d4 Nf6 2. Nf3 b6 3. Bf4 Bb7 4. e3 g6 5. Bd3 Bg7 6. Nbd2 0-0 7. c3 d6 8. Bc2 Nbd7 9. e4 Re8 10. 0-0 e5 11. dxe5 Nxe5 12. Nxe5 dxe5 13. Be3 Qd7 14. h3 a5 15. c4 Rad8 16. Ba4 Bc6 17. Bxc6 Qxc6 18. Qc2 Nh5 19. Rad1 Nf4 20. Nf3 Qf6 21. Kh2 c5 22. a3 Ne6 23. Qc1 Rxd1 24. Rxd1 Rd8 25. Rd5 Nd4 26. Nxd4 Rxd5 27. exd5 exd4 28. Bf4 Bf8 29. Kg1 Bd6 30. Bxd6 1/2-1/2

[Event "Mecklenburg VP LL 1617"]
[Site "Mecklenburg VP"]
[Date "2016.12.04"]
[Round "4.6"]
[White "Mitscherling, Reinhard"]
[Black "Kohn, Thomas2"]
[Result "1/2-1/2"]
[WhiteElo "1783"]
[BlackElo "1857"]
[PlyCount "107"]
[EventDate "2016.10.16"]
[EventType "team-tourn"]
[EventRounds "9"]
[EventCountry "GER"]
[SourceTitle "EXT 2022"]
[Source "ChessBase"]
[SourceDate "2021.10.06"]
[SourceVersion "1"]
[SourceVersionDate "2021.10.06"]
[SourceQuality "1"]
[WhiteTeam "Ludwigslust VT 2000"]
[BlackTeam "Stralsund FHSG"]
[WhiteTeamCountry "GER"]
[BlackTeamCountry "GER"]

1. d4 Nf6 2. Nf3 g6 3. c4 Bg7 4. Nc3 0-0 5. g3 c5 6. d5 d6 7. Bg2 Na6 8. 0-0 Nc7 9. e4 Rb8 10. Re1 Bg4 11. Qd3 Nd7 12. Bf4 Bxf3 13. Qxf3 b5 14. cxb5 Nxb5 15. Qd3 Qa5 16. Rac1 Ne5 17. Bxe5 Bxe5 18. Nxb5 Rxb5 19. b3 Rfb8 20. Re2 Rb4 21. Rc4 Qa3 22. Rec2 a5 23. Rxb4 Rxb4 24. Qe3 a4 25. bxa4 Rb1+ 26. Bf1 Qxa4 27. Qd3 Ra1 28. Qe2 Qb4 29. h3 Re1 30. Qd3 Rxe4 31. Rc4 Rxc4 32. Qxc4 Bd4 33. Qxb4 cxb4 34. Bc4 Kg7 35. Kf1 Kf6 36. f4 e5 37. fxe5+ Kxe5 38. Ke2 Ke4 39. Bb3 h5 40. Bc2+ Ke5 41. Kf3 f5 42. g4 h4 43. gxf5 gxf5 44. Bd3 Bc3 45. Bc2 Bd2 46. Ke2 Bc1 47. Kf3 f4 48. Bb3 Kd4 49. Kg4 Ke4 50. Kxh4 Ke3 51. Bd1 Ke4 52. Kg4 Kxd5 53. Kf3 Ke5 54. h4 1/2-1/2

[Event "Mecklenburg VP LL2 West 1415"]
[Site "Mecklenburg VP"]
[Date "2015.03.15"]
[Round "7.7"]
[White "Prueter, Reinhard"]
[Black "Mitscherling, Reinhard"]
[Result "0-1"]
[WhiteElo "1636"]
[BlackElo "1791"]
[PlyCount "100"]
[EventDate "2014.09.21"]
[EventType "team-tourn"]
[EventRounds "9"]
[EventCountry "GER"]
[SourceTitle "EXT 2022"]
[Source "ChessBase"]
[SourceDate "2021.10.06"]
[SourceVersion "1"]
[SourceVersionDate "2021.10.06"]
[SourceQuality "1"]
[WhiteTeam "Kuehlungsborn SV Empor"]
[BlackTeam "Ludwigslust VT 2000"]
[WhiteTeamCountry "GER"]
[BlackTeamCountry "GER"]

1. d4 f5 2. g3 Nf6 3. Bg2 d5 4. c4 e6 5. Nc3 Be7 6. Bg5 c6 7. cxd5 cxd5 8. Nf3 Nc6 9. e3 0-0 10. 0-0 Bd7 11. a3 a6 12. Re1 h6 13. Bxf6 Bxf6 14. Nd2 Be8 15. Rc1 Rc8 16. Bf1 Na5 17. b4 Nc4 18. Nxc4 dxc4 19. Na4 Bxa4 20. Qxa4 Qd6 21. b5 axb5 22. Qxb5 c3 23. a4 Qc6 24. Qb3 Kh8 25. Rc2 e5 26. d5 Qc7 27. Rb1 Rfd8 28. e4 fxe4 29. Bh3 Rb8 30. Rxc3 Qd6 31. Be6 Bg5 32. Rc4 Rf8 33. Rxe4 Qc5 34. Qb6 Qc2 35. Rbe1 Bd8 36. Qe3 b5 37. Qe2 Qc3 38. Re3 Qc5 39. axb5 Bb6 40. Kg2 Rf6 41. Kh3 Rbf8 42. Rxe5 Rxf2 43. Qh5 Qxb5 44. Rf5 Qb2 45. Rxf8+ Rxf8 46. Bf5 Qf2 47. Re8 Qf1+ 48. Kg4 Qd1+ 49. Kf4 Bc7+ 50. Ke4 Qe1+ 0-1

[Event "Mecklenburg VP LL2 West 1415"]
[Site "Mecklenburg VP"]
[Date "2014.11.09"]
[Round "2.7"]
[White "Mitscherling, Reinhard"]
[Black "Wendt, Uwe"]
[Result "1-0"]
[WhiteElo "1791"]
[BlackElo "1642"]
[PlyCount "67"]
[EventDate "2014.09.21"]
[EventType "team-tourn"]
[EventRounds "9"]
[EventCountry "GER"]
[SourceTitle "EXT 2022"]
[Source "ChessBase"]
[SourceDate "2021.10.06"]
[SourceVersion "1"]
[SourceVersionDate "2021.10.06"]
[SourceQuality "1"]
[WhiteTeam "Ludwigslust VT 2000"]
[BlackTeam "Malchow Schachinsel"]
[WhiteTeamCountry "GER"]
[BlackTeamCountry "GER"]

1. c4 e5 2. Nc3 Nf6 3. g3 c6 4. Bg2 Be7 5. d4 d6 6. dxe5 dxe5 7. Qxd8+ Bxd8 8. Nf3 Bc7 9. 0-0 Be6 10. b3 h6 11. Ba3 Nbd7 12. Rad1 g5 13. Nd2 Bb6 14. Nce4 Nxe4 15. Nxe4 Bc7 16. Nd6+ Bxd6 17. Bxd6 Rg8 18. a4 f6 19. e3 Rg7 20. f4 0-0-0 21. a5 a6 22. fxe5 fxe5 23. Rc1 c5 24. b4 cxb4 25. Bxb4 Rf7 26. Rxf7 Bxf7 27. Bd6 Re8 28. c5 Nb8 29. Bxb8 Kxb8 30. Rb1 e4 31. c6 Bd5 32. Rxb7+ Ka8 33. Rb6 Ka7 34. Bf1 1-0

[Event "Mecklenburg VP LL2 West 1314"]
[Site "Mecklenburg VP"]
[Date "2014.04.06"]
[Round "8.6"]
[White "Prueter, Reinhard"]
[Black "Mitscherling, Reinhard"]
[Result "0-1"]
[WhiteElo "1634"]
[BlackElo "1837"]
[PlyCount "102"]
[EventDate "2013.10.27"]
[EventType "team-tourn"]
[EventRounds "9"]
[EventCountry "GER"]
[SourceTitle "EXT 2022"]
[Source "ChessBase"]
[SourceDate "2021.10.06"]
[SourceVersion "1"]
[SourceVersionDate "2021.10.06"]
[SourceQuality "1"]
[WhiteTeam "Kuehlungsborn SV Empor"]
[BlackTeam "Ludwigslust Post SV"]
[WhiteTeamCountry "GER"]
[BlackTeamCountry "GER"]

1. d4 f5 2. Nf3 Nf6 3. c4 e6 4. Nc3 d5 5. e3 c6 6. Be2 Be7 7. Ne5 0-0 8. 0-0 Nbd7 9. cxd5 cxd5 10. Bd2 Ne4 11. Nxe4 fxe4 12. Nxd7 Bxd7 13. Qb3 b6 14. Bb4 Rb8 15. Rac1 a5 16. Bxe7 Qxe7 17. Rc7 Qd6 18. Rfc1 Rf6 19. Bb5 Bxb5 20. Qxb5 Rbf8 21. R1c2 Rxf2 22. Rxf2 Qxc7 23. Rxf8+ Kxf8 24. Qf1+ Ke7 25. g3 h6 26. Qe2 Qc4 27. Qf2 Qxa2 28. Kg2 Qb3 29. Qf4 Qxb2+ 30. Kh3 Qc3 31. Qb8 Qc6 32. Qg8 Qd7 33. Qxg7+ Kd8 34. Qxh6 a4 35. Kg2 Qf7 36. Qh8+ Ke7 37. Qh4+ Kd7 38. Qg5 a3 39. Qe5 a2 40. Qb8 a1Q 41. Qb7+ Ke8 42. Qb8+ Ke7 43. Qc7+ Kf6 44. Qf4+ Kg7 45. Qg5+ Kf8 46. Qd8+ Qe8 47. Qf6+ Kg8 48. Qg5+ Kf7 49. Qf4+ Ke7 50. Qc7+ Qd7 51. Qxb6 Qc3 0-1

[Event "Mecklenburg VP LL2 West 1213"]
[Site "Mecklenburg VP"]
[Date "2013.04.14"]
[Round "8.7"]
[White "Mitscherling, Reinhard"]
[Black "Jeske, Holger"]
[Result "0-1"]
[WhiteElo "1818"]
[BlackElo "1720"]
[PlyCount "66"]
[EventDate "2012.10.14"]
[EventType "team-tourn"]
[EventRounds "9"]
[EventCountry "GER"]
[SourceTitle "EXT 2022"]
[Source "ChessBase"]
[SourceDate "2021.10.06"]
[SourceVersion "1"]
[SourceVersionDate "2021.10.06"]
[SourceQuality "1"]
[WhiteTeam "Ludwigslust Post SV"]
[BlackTeam "Rostock SSC 07 III"]
[WhiteTeamCountry "GER"]
[BlackTeamCountry "GER"]

1. d4 d5 2. Nf3 h6 3. c4 Nf6 4. Nc3 c6 5. e3 Bf5 6. Qb3 Qb6 7. Qxb6 axb6 8. cxd5 Nxd5 9. Nxd5 cxd5 10. Bd2 f6 11. a3 e6 12. Bb5+ Nc6 13. 0-0 Bd6 14. Rfc1 Rc8 15. Kf1 Ke7 16. Ke2 e5 17. dxe5 fxe5 18. h3 g5 19. Bxc6 bxc6 20. Bc3 Ke6 21. Nd2 Bg6 22. b4 c5 23. bxc5 bxc5 24. e4 d4 25. Bb2 Rb8 26. Rab1 Rh7 27. f3 Rhb7 28. Nc4 Be8 29. Kd3 Rb3+ 30. Kd2 Bc7 31. Rc2 Bb5 32. a4 Bxc4 33. Rxc4 Rxb2+ 0-1

[Event "Mecklenburg VP LL2 West 1213"]
[Site "Mecklenburg VP"]
[Date "2012.11.25"]
[Round "3.7"]
[White "Mitscherling, Reinhard"]
[Black "Becker, Holger"]
[Result "1-0"]
[WhiteElo "1818"]
[BlackElo "1367"]
[PlyCount "75"]
[EventDate "2012.10.14"]
[EventType "team-tourn"]
[EventRounds "9"]
[EventCountry "GER"]
[SourceTitle "EXT 2022"]
[Source "ChessBase"]
[SourceDate "2021.10.06"]
[SourceVersion "1"]
[SourceVersionDate "2021.10.06"]
[SourceQuality "1"]
[WhiteTeam "Ludwigslust Post SV"]
[BlackTeam "Parchim SV Blau-Weiss 69"]
[WhiteTeamCountry "GER"]
[BlackTeamCountry "GER"]

1. d4 d5 2. Nf3 Nf6 3. c4 e6 4. Nc3 Be7 5. Bf4 c6 6. e3 0-0 7. Be2 Nbd7 8. h3 b6 9. 0-0 Bb7 10. Rc1 Rc8 11. cxd5 Nxd5 12. Nxd5 cxd5 13. Bd3 Nf6 14. Ne5 h6 15. Rxc8 Qxc8 16. Qd2 Qa8 17. f3 a5 18. a3 Rc8 19. Qe2 Nh5 20. Bh2 Bd6 21. f4 Nf6 22. f5 exf5 23. Rxf5 Rc1+ 24. Rf1 Rxf1+ 25. Kxf1 Qe8 26. Bf4 Ne4 27. Bxe4 dxe4 28. Kg1 Bxe5 29. Bxe5 b5 30. Qg4 g6 31. Qh4 Kh7 32. Qf6 Qg8 33. Qb6 Qc8 34. Qxb5 Qa8 35. Qb6 a4 36. Qf6 Qg8 37. Qd6 Qe8 38. d5 1-0

[Event "Mecklenburg VP LL2 West 1112"]
[Site "Mecklenburg VP"]
[Date "2011.12.11"]
[Round "4.4"]
[White "Fleischer, Matthias"]
[Black "Mitscherling, Reinhard"]
[Result "0-1"]
[WhiteElo "1737"]
[BlackElo "1867"]
[PlyCount "88"]
[EventDate "2011.10.02"]
[EventType "team-tourn"]
[EventRounds "9"]
[EventCountry "GER"]
[SourceTitle "EXT 2022"]
[Source "ChessBase"]
[SourceDate "2021.10.06"]
[SourceVersion "1"]
[SourceVersionDate "2021.10.06"]
[SourceQuality "1"]
[WhiteTeam "Schwerin SV Einheit"]
[BlackTeam "Ludwigslust Post SV"]
[WhiteTeamCountry "GER"]
[BlackTeamCountry "GER"]

1. Nf3 Nf6 2. d4 d5 3. h3 c6 4. e3 g6 5. Bd3 Bg7 6. Nbd2 0-0 7. 0-0 Nbd7 8. e4 dxe4 9. Nxe4 Nxe4 10. Bxe4 e5 11. dxe5 Nxe5 12. c3 Nxf3+ 13. Qxf3 Be6 14. Be3 Qf6 15. Rfe1 Qxf3 16. Bxf3 Rfd8 17. Bd1 b6 18. Bb3 Re8 19. Bf4 c5 20. Bxe6 fxe6 21. Re3 Rad8 22. Rae1 Rd2 23. Rxe6 Rxe6 24. Bxd2 Rxe1+ 25. Bxe1 c4 26. Bd2 b5 27. f4 Kf7 28. Kf2 Ke6 29. Be3 a5 30. Bb6 a4 31. a3 Kd5 32. Ke3 h5 33. g4 hxg4 34. hxg4 Bf6 35. Bc7 b4 36. axb4 Bxc3 37. Be5 Bxb4 38. Ke2 Ke4 39. Kd1 g5 40. Kc2 gxf4 41. Bf6 Be1 42. Be7 f3 43. Kd1 Bg3 44. g5 Ke3 0-1

[Event "Mecklenburg VP LL2 West 1011"]
[Site "Mecklenburg VP"]
[Date "2010.10.24"]
[Round "2.5"]
[White "Stadler, Bertino"]
[Black "Mitscherling, Reinhard"]
[Result "1/2-1/2"]
[WhiteElo "1704"]
[BlackElo "1872"]
[PlyCount "75"]
[EventDate "2010.10.10"]
[EventType "team-tourn"]
[EventRounds "9"]
[EventCountry "GER"]
[SourceTitle "EXT 2022"]
[Source "ChessBase"]
[SourceDate "2021.10.06"]
[SourceVersion "1"]
[SourceVersionDate "2021.10.06"]
[SourceQuality "1"]
[WhiteTeam "Kuehlungsborn SV Empor"]
[BlackTeam "Ludwigslust Post SV"]
[WhiteTeamCountry "GER"]
[BlackTeamCountry "GER"]

1. e4 e5 2. Nf3 Nc6 3. Bb5 Nf6 4. Bxc6 dxc6 5. d3 Bg4 6. Be3 Qd7 7. Nxe5 Bxd1 8. Nxd7 Bxc2 9. Nxf6+ gxf6 10. Kd2 Bxb1 11. Raxb1 0-0-0 12. b4 a6 13. Rhc1 h5 14. a4 f5 15. Ke2 fxe4 16. dxe4 Bd6 17. h4 f5 18. exf5 Rhf8 19. b5 cxb5 20. axb5 Rxf5 21. bxa6 bxa6 22. Ra1 Kb7 23. Rc4 Rb5 24. Ra2 Re8 25. Rca4 Ra8 26. g4 hxg4 27. Rxg4 Rh8 28. Rga4 Be7 29. Rxa6 Rxh4 30. Re6 Bd6 31. Rg6 Rhb4 32. Ra7+ Kc6 33. Ra6+ Kd5 34. Kf3 Rb3 35. Ra4 Kc6 36. Rc4+ Kb7 37. Kg4 Rb1 38. Rf6 1/2-1/2

[Event "Mecklenburg VP LL 0910"]
[Site "Mecklenburg VP"]
[Date "2009.12.13"]
[Round "4.5"]
[White "Mitscherling, Reinhard"]
[Black "Kohn, Andreas"]
[Result "1/2-1/2"]
[WhiteElo "1865"]
[BlackElo "1892"]
[PlyCount "44"]
[EventDate "2009.10.18"]
[EventType "team-tourn"]
[EventRounds "9"]
[EventCountry "GER"]
[SourceTitle "EXT 2016"]
[Source "ChessBase"]
[SourceDate "2015.10.08"]
[SourceVersion "1"]
[SourceVersionDate "2015.10.08"]
[SourceQuality "1"]
[WhiteTeam "Ludwigslust Post SV"]
[BlackTeam "Stralsund FHSG"]
[WhiteTeamCountry "GER"]
[BlackTeamCountry "GER"]

1. d4 c5 2. Nf3 cxd4 3. Nxd4 d6 4. c4 Nf6 5. Nc3 g6 6. g3 Nc6 7. Nxc6 bxc6 8. Bg2 Bd7 9. 0-0 Bg7 10. e4 0-0 11. Qc2 Rb8 12. b3 Qc8 13. Bg5 Bh3 14. Rad1 Bxg2 15. Kxg2 h6 16. Be3 a6 17. f3 Qb7 18. Qd2 Kh7 19. Ne2 Rbd8 20. Nc3 Rfe8 21. Na4 c5 22. Nc3 Nd7 1/2-1/2

[Event "Mecklenburg VP LL 0809"]
[Site "Mecklenburg VP"]
[Date "2008.10.26"]
[Round "2.5"]
[White "Oldach, Ehrenfried"]
[Black "Mitscherling, Reinhard"]
[Result "1-0"]
[WhiteElo "1912"]
[BlackElo "1880"]
[PlyCount "75"]
[EventDate "2008.10.05"]
[EventType "team-tourn"]
[EventRounds "9"]
[EventCountry "GER"]
[SourceTitle "EXT 2022"]
[Source "ChessBase"]
[SourceDate "2021.10.06"]
[SourceVersion "1"]
[SourceVersionDate "2021.10.06"]
[SourceQuality "1"]
[WhiteTeam "Warnemuende SF Ostsee"]
[BlackTeam "Ludwigslust Post SV"]
[WhiteTeamCountry "GER"]
[BlackTeamCountry "GER"]

1. e4 e5 2. Nf3 Nf6 3. Nxe5 d6 4. Nf3 Nxe4 5. d4 d5 6. Bd3 Be7 7. Nbd2 Nf6 8. Ne5 Nc6 9. Ndf3 0-0 10. c3 Nxe5 11. Nxe5 c5 12. 0-0 c4 13. Bc2 g6 14. Bh6 Re8 15. f4 Qc7 16. f5 Ne4 17. fxg6 fxg6 18. Rf7 Be6 19. Qf3 Qd6 20. Bxe4 dxe4 21. Rg7+ Kh8 22. Qxe4 Bd5 23. Qxd5 Qxd5 24. Nf7+ Qxf7 25. Rxf7 b5 26. Re1 Bd6 27. Rxe8+ Rxe8 28. Rxa7 b4 29. Rd7 Be7 30. Rc7 bxc3 31. bxc3 Kg8 32. Rxc4 Ra8 33. a4 Ra5 34. Bf4 Kf7 35. Bc7 Ra6 36. a5 Ke6 37. Bb6 Ra8 38. Ra4 1-0

[Event "Mecklenburg VP-ch Seniors op 08th"]
[Site "Plau am See"]
[Date "2008.10.08"]
[Round "3"]
[White "Meier, Wolfgang"]
[Black "Mitscherling, Reinhard"]
[Result "1-0"]
[WhiteElo "2037"]
[BlackElo "1872"]
[PlyCount "111"]
[EventDate "2008.10.06"]
[EventType "swiss"]
[EventRounds "9"]
[EventCountry "GER"]
[SourceTitle "EXT 2022"]
[Source "ChessBase"]
[SourceDate "2021.10.06"]
[SourceVersion "1"]
[SourceVersionDate "2021.10.06"]
[SourceQuality "1"]

1. Nf3 Nf6 2. c4 c5 3. Nc3 Nc6 4. d4 cxd4 5. Nxd4 g6 6. e4 Bg7 7. Be3 d6 8. Be2 Bd7 9. 0-0 0-0 10. Qd2 Ng4 11. Bxg4 Bxg4 12. f3 Bd7 13. Rac1 a6 14. Rfd1 Nxd4 15. Bxd4 Bc6 16. Ne2 Bxd4+ 17. Qxd4 Qa5 18. a3 Rac8 19. Rc3 Qc5 20. Qxc5 dxc5 21. Kf2 Rfd8 22. Rxd8+ Rxd8 23. Ke1 Kf8 24. Nc1 Rc8 25. Nd3 Bd7 26. Kd2 f6 27. Rc1 a5 28. Kc3 e6 29. Rd1 Ke7 30. e5 f5 31. Nf4 b6 32. h4 Be8 33. Nh3 h6 34. Nf4 Rc6 35. g3 Bf7 36. Ng2 Be8 37. Ne3 Rc7 38. g4 Rd7 39. gxf5 gxf5 40. Rxd7+ Kxd7 41. Kd3 a4 42. Ng2 Bh5 43. Ke3 Kc6 44. Nf4 Bf7 45. Kd3 Bg8 46. Ne2 Bh7 47. f4 Bg6 48. Nc3 Bh5 49. Nxa4 Bf3 50. Nc3 Bg2 51. Nb5 Bf3 52. Nd6 Bh5 53. b4 cxb4 54. axb4 Bg6 55. Kd4 Bh5 56. b5+ 1-0

[Event "Mecklenburg VP LL 0708"]
[Site "Mecklenburg VP"]
[Date "2007.11.04"]
[Round "2.6"]
[White "Mitscherling, Reinhard"]
[Black "Kohn, Thomas2"]
[Result "1/2-1/2"]
[WhiteElo "1891"]
[BlackElo "1917"]
[PlyCount "136"]
[EventDate "2007.10.21"]
[EventType "team-tourn"]
[EventRounds "9"]
[EventCountry "GER"]
[SourceTitle "EXT 2016"]
[Source "ChessBase"]
[SourceDate "2015.10.08"]
[SourceVersion "1"]
[SourceVersionDate "2015.10.08"]
[SourceQuality "1"]
[WhiteTeam "Ludwigslust Post SV"]
[BlackTeam "Stralsund FHSG"]
[WhiteTeamCountry "GER"]
[BlackTeamCountry "GER"]

1. d4 Nf6 2. Nf3 g6 3. c4 Bg7 4. Nc3 0-0 5. g3 d5 6. cxd5 Nxd5 7. Bg2 Nxc3 8. bxc3 c5 9. 0-0 Nc6 10. Bb2 Qb6 11. Ba3 cxd4 12. cxd4 Nxd4 13. Nxd4 Qxd4 14. Rb1 Qc3 15. Bxe7 Re8 16. Bxb7 Bxb7 17. Rxb7 Qc4 18. a4 a6 19. e3 Rac8 20. Qd7 Qc2 21. Bd8 Rf8 22. Be7 Rfe8 23. Ba3 Qa2 24. Be7 Qc4 25. Rd1 Qc6 26. Qxc6 Rxc6 27. Rdd7 Bf8 28. Bxf8 Rxf8 29. Rdc7 Rxc7 30. Rxc7 Rb8 31. Rc6 Ra8 32. Kf1 Ra7 33. Ke2 Kf8 34. Kd3 Ke8 35. h4 Kd7 36. Rb6 h5 37. f4 a5 38. Kd4 Ke7 39. Rb5 Kd6 40. e4 Kc6 41. Kc4 Re7 42. e5 Ra7 43. Rd5 Kc7 44. Rb5 Kc6 45. Kd4 Rd7+ 46. Ke4 Ra7 47. f5 Ra8 48. Kf4 gxf5 49. Kxf5 Rg8 50. Rxa5 Rxg3 51. Ra6+ Kd5 52. Rd6+ Kc5 53. Rh6 Rg4 54. Rxh5 Rxa4 55. Rh7 Kd5 56. Rxf7 Rxh4 57. Rd7+ Kc6 58. Rd6+ Kc7 59. Rg6 Rh2 60. Ke6 Re2 61. Rg7+ Kd8 62. Rg8+ Kc7 63. Kf6 Kd7 64. Rg7+ Kd8 65. Ke6 Re1 66. Ra7 Re2 67. Ra8+ Kc7 68. Kf6 Kd7 1/2-1/2

[Event "Mecklenburg VP-ch Seniors op 07th"]
[Site "Plau am See"]
[Date "2007.10.09"]
[Round "6"]
[White "Lenk, Wolfgang"]
[Black "Mitscherling, Reinhard"]
[Result "1/2-1/2"]
[WhiteElo "2106"]
[BlackElo "1885"]
[PlyCount "50"]
[EventDate "2007.10.04"]
[EventType "swiss"]
[EventRounds "9"]
[EventCountry "GER"]
[SourceTitle "EXT 2022"]
[Source "ChessBase"]
[SourceDate "2021.10.06"]
[SourceVersion "1"]
[SourceVersionDate "2021.10.06"]
[SourceQuality "1"]

1. e4 e5 2. Nf3 Nf6 3. Nxe5 d6 4. Nf3 Nxe4 5. c4 Be7 6. Be2 0-0 7. d3 Nf6 8. 0-0 c6 9. Qb3 Nbd7 10. d4 d5 11. Ne5 dxc4 12. Bxc4 Nxe5 13. dxe5 Nd7 14. Qg3 Bh4 15. Qe3 Nb6 16. Bb3 Nd5 17. Qe4 g6 18. Nd2 Bf5 19. Qd4 Be7 20. Nf3 Be6 21. Bh6 Re8 22. Rad1 Qb6 23. Qxb6 axb6 24. Nd4 Bc5 25. Nxe6 fxe6 1/2-1/2